Israel (Record no. 178015)

MARC details
000 -LEADER
campo de control de longitud fija 00876nam a22002655i 4500
001 - NÚMERO DE CONTROL
campo de control 178015
003 - IDENTIFICADOR DE NÚMERO DE CONTROL
campo de control ES-MaACL
005 - FECHA Y HORA DE LA ÚLTIMA TRANSACCIÓN
campo de control 20230906220452.0
008 - DATOS DE LONGITUD FIJA--INFORMACIÓN GENERAL
campo de control de longitud fija 110512s1964 sp f |||| | spa d
080 ## - NÚMERO DE LA CLASIFICACIÓN DECIMAL UNIVERSAL
Número de la Clasificación Decimal Universal 39(569.4)
080 ## - NÚMERO DE LA CLASIFICACIÓN DECIMAL UNIVERSAL
Número de la Clasificación Decimal Universal 94(569.4)
100 1# - ENTRADA PRINCIPAL--NOMBRE DE PERSONA
Nombre de persona Hoffman, Gail.
9 (RLIN) 146500
245 10 - MENCIÓN DEL TÍTULO
Título Israel
Resto del título : pueblo y costumbres /
Mención de responsabilidad, etc. Gail Hoffman ; [traducida por Ricardo Clará].
250 ## - MENCION DE EDICION
Mención de edición 1ª ed.
260 ## - PUBLICACIÓN, DISTRIBUCIÓN, ETC.
Lugar de publicación, distribución, etc. Barcelona :
Nombre del editor, distribuidor, etc. Sayma,
Fecha de publicación, distribución, etc. 1964.
300 ## - DESCRIPCIÓN FÍSICA
Extensión 184, [14] p. de lám. bl. y n. ;
Dimensiones 18 cm.
490 1# - MENCIÓN DE SERIE
Mención de serie Panoramas A-Z. La universidad en su mano ;
Designación de volumen o secuencia 29
500 ## - NOTA GENERAL
Nota general Índice.
651 #4 - PUNTO DE ACCESO ADICIONAL DE MATERIA--NOMBRE GEOGRÁFICO
Nombre geográfico Israel-
Subdivisión general Usos y costumbres.
9 (RLIN) 146501
651 #4 - PUNTO DE ACCESO ADICIONAL DE MATERIA--NOMBRE GEOGRÁFICO
Nombre geográfico Israel-
Subdivisión general Historia.
9 (RLIN) 8858
700 0# - ENTRADA AGREGADA--NOMBRE PERSONAL
Nombre de persona Clará Camprubí, Ricardo.
9 (RLIN) 38993
830 0# - PUNTO DE ACCESO ADICIONAL DE SERIE-TÍTULO UNIFORME
Título uniforme Panoramas A-Z. La universidad en su mano ;
Designación de volumen o secuencia 29
9 (RLIN) 190680
852 ## - LOCALIZACIÓN
Ubicación ES-MaACL
Número de control de estantería E-15082
Encuadernación Olim P-269-bis
Holdings
Estatus retirado Estado de pérdida Estado de daño No para préstamo Biblioteca de origen Biblioteca actual Ubicación en estantería Fecha de adquisición Fuente de adquisición Total de préstamos Signatura topográfica completa Código de barras Visto por última vez Precio de reemplazo Tipo de ítem Koha
        Biblioteca del Ateneo de Madrid Biblioteca del Ateneo de Madrid Depósito 2 12/05/2011     E-15082 1187007 23/02/2023 23/02/2023 Libro impreso